000
00320nam a2200121Ia 4500
008
191201s2017 xx 000 0 und d
100
_a
KEVAL, Krishan
245
0
_a
Maithilisharan Gupt ki Shabd Sondarya
260
_a
N. Delhi
_b
Haryana Granth Academy
_c
2017
300
_a
184
650
_a
General Books
942
_2
ddc
_c
BK
999
_c
6714
_d
6714